Liber prohibitus aneb zakázaná kniha /

Enregistré dans:
Détails bibliographiques
Auteur principal: Wágner, Karel (Auteur)
Format: Livre
Langue:tchèque
Publié: Praha : ANOMAL, 1991
Édition:1.vyd.
Tags: Ajouter un tag
Pas de tags, Soyez le premier à ajouter un tag!

MARC

LEADER 00000nam a22000003a 4500
001 stu908
005 20150617225621.9
008 911218s1991----cs------------------cze-d
020 |a 80-900235-0-9 
040 |a STU  |b slo 
041 0 |a cze 
044 |a cs 
080 |a 13 
100 1 |a Wágner, Karel  |4 aut 
245 1 |a Liber prohibitus aneb zakázaná kniha /  |c [aut.] Wágner,Karel 
250 |a 1.vyd. 
260 |a Praha :  |b ANOMAL,  |c 1991 
300 |a 143 s 
996 |b E75467  |c R*75467  |l RRUM  |s A  |a 24  |w stu908_0001